Computing Essentials 2005 Complete Edition /

সংরক্ষণ করুন:
গ্রন্থ-পঞ্জীর বিবরন
প্রধান লেখক: OLeary Timothy J.
অন্যান্য লেখক: OLeary Linda I.
বিন্যাস: গ্রন্থ
ভাষা:Vietnamese
প্রকাশিত: American : ADBS , 2004
সংস্করন:Tái bản lần thứ 16
বিষয়গুলি:
ট্যাগগুলো: ট্যাগ যুক্ত করুন
কোনো ট্যাগ নেই, প্রথমজন হিসাবে ট্যাগ করুন!
Thư viện lưu trữ: Thư viện Trường CĐ Kỹ Thuật Cao Thắng
LEADER 00697nam a2200217 a 4500
001 TVCDKTCT6552
003 Thư viện trường Cao đẳng Kỹ thuật Cao Thắng
005 20070405000000
008 070405
980 \ \ |a Thư viện Trường CĐ Kỹ Thuật Cao Thắng 
024 |a RG_1 #1 eb0 i1 
020 # # |a 0-07-283607-5 
041 0 # |a vie 
082 # # |a 005.369 /   |b C429P-t 
100 1 # |a OLeary Timothy J. 
245 0 0 |a Computing Essentials 2005 Complete Edition /  |c OLeary Timothy J., OLeary Linda I. 
250 # # |a Tái bản lần thứ 16 
260 # # |a American :  |b ADBS ,  |c 2004 
300 # # |a 448tr. ;  |c 27cm. 
650 # 4 |a Tin hoc ứng dụng 
700 0 # |a OLeary Linda I.